000 00368nam a22001457a 4500
020 _qPB.
040 _cFIZZA ISHAQ
082 _a526.9
_bBAR
100 _aKAVANAGH, F. BARRY.
_990397
245 _aSERUEYING PRINCIPLES AND APPLICATIONS /
_cBARRY F. KAVANAGH.
250 _a7th ED.
260 _bPEARSON,
_c2005.
300 _a801 P. ;
942 _2ddc
_cBK
999 _c588634
_d588634